[Event "2015 British Chess Championships: Championship"]
[Site "University of Warwick, Coventry, Warwickshire"]
[Date "2015.07.27"]
[Round "1"]
[Board "26"]
[White "Golding, Alex"]
[Black "Graham, David B"]
[Result "1-0"]
[WhiteElo "1963"]
[BlackElo "2162"]
[PlyCount "65"]
[EventDate "2015.07.27"]
[EventRounds "11"]
[EventCountry "ENG"]

1. e4 e6 2. d4 d5 3. Nc3 Bb4 4. e5 Ne7 5. a3 Bxc3+ 6. bxc3 c5 7. a4 Qa5 8. Bd2
Nbc6 9. g3 Bd7 10. Bh3 O-O-O 11. Ne2 h5 12. O-O h4 13. Bg2 c4 14. Bc1 Nf5 15.
g4 h3 16. Bh1 Nh4 17. Qd2 f6 18. f4 Rdg8 19. Ba3 Qd8 20. Ng3 g5 21. exf6 Qxf6
22. f5 exf5 23. Bxd5 f4 24. Ne4 Qg6 25. Nd6+ Kb8 26. Rab1 b6 27. Qe2 f3 28.
Qxc4 Na5 29. Qa6 Qxc2 30. Rxb6+ Kc7 31. Qxa7+ Kd8 32. Qb8+ Ke7 33. Nf5# 1-0

[Event "2015 British Chess Championships: Championship"]
[Site "University of Warwick, Coventry, Warwickshire"]
[Date "2015.07.27"]
[Round "1"]
[Board "27"]
[White "Hackner, Oskar A"]
[Black "Slade, Theodore"]
[Result "1-0"]
[WhiteElo "2162"]
[BlackElo "1962"]
[PlyCount "61"]
[EventDate "2015.07.27"]
[EventRounds "11"]
[EventCountry "ENG"]

1. d4 Nf6 2. c4 e6 3. Nc3 Bb4 4. f3 O-O 5. e4 d5 6. e5 Nfd7 7. cxd5 exd5 8. a3
Bxc3+ 9. bxc3 f6 10. exf6 Re8+ 11. Kf2 Nxf6 12. Bd3 c5 13. Ne2 Nc6 14. Bf4 Nh5
15. Be3 Qh4+ 16. g3 Qe7 17. Qd2 Na5 18. Rab1 c4 19. Bc2 b6 20. Bg5 Qxa3 21. g4
Nf6 22. Bxf6 gxf6 23. Rb4 Nc6 24. Qh6 Re7 25. g5 Nxb4 26. gxf6 Nd3+ 27. Bxd3
Rf7 28. Rg1+ Bg4 29. Rxg4+ Kh8 30. Rg7 Rxg7 31. Qxg7# 1-0

[Event "2015 British Chess Championships: Championship"]
[Site "University of Warwick, Coventry, Warwickshire"]
[Date "2015.07.27"]
[Round "1"]
[Board "28"]
[White "Fryer, David W"]
[Black "Beckett, Chris J"]
[Result "0-1"]
[WhiteElo "1951"]
[BlackElo "2160"]
[PlyCount "92"]
[EventDate "2015.07.27"]
[EventRounds "11"]
[EventCountry "ENG"]

1. e4 e6 2. d3 d5 3. Nd2 Nf6 4. Ngf3 c5 5. g3 g6 6. Bg2 Bg7 7. O-O O-O 8. Re1
Nc6 9. c3 a5 10. a4 b6 11. Qc2 Ba6 12. Bf1 Rc8 13. h4 Ng4 14. exd5 Qxd5 15. Qb3
Qxb3 16. Nxb3 Rfd8 17. Bg5 f6 18. Bf4 e5 19. Bh3 exf4 20. Bxg4 f5 21. Bh3 fxg3
22. fxg3 Bxd3 23. Bg2 Bc4 24. Nbd2 Bd5 25. Nf1 Bf6 26. N3d2 Ne5 27. Re2 Bxg2
28. Kxg2 f4 29. gxf4 Nd3 30. Kg3 Re8 31. Ne4 Kg7 32. Kf3 Bxh4 33. Rh2 Be7 34.
Ne3 c4 35. Rah1 Rh8 36. Nd5 Bc5 37. Ndf6 h6 38. Ng4 Rcf8 39. Nxh6 Rxf4+ 40. Kg3
Rxe4 41. Nf5+ gxf5 42. Rxh8 f4+ 43. Kg2 Re2+ 44. Kf3 Re3+ 45. Kg2 f3+ 46. Kg3
Bd6+ 0-1

[Event "2015 British Chess Championships: Championship"]
[Site "University of Warwick, Coventry, Warwickshire"]
[Date "2015.07.27"]
[Round "1"]
[Board "29"]
[White "Wadsworth, Matthew J"]
[Black "Evans, Nicholas Thomas"]
[Result "1/2-1/2"]
[WhiteElo "2160"]
[BlackElo "1923"]
[PlyCount "82"]
[EventDate "2015.07.27"]
[EventRounds "11"]
[EventCountry "ENG"]

1. e4 e5 2. Nf3 Nc6 3. Bb5 Nf6 4. d3 d6 5. O-O Bd7 6. c3 g6 7. Re1 Bg7 8. d4
O-O 9. d5 Ne7 10. Bxd7 Nxd7 11. c4 h6 12. Nc3 f5 13. exf5 gxf5 14. Nh4 Qe8 15.
f4 e4 16. g3 Nc5 17. Ng2 Nd3 18. Re2 Qh5 19. Be3 Nxb2 20. Rxb2 Qxd1+ 21. Rxd1
Bxc3 22. Rxb7 Ba5 23. Rxa7 Rxa7 24. Bxa7 Ra8 25. Bd4 c5 26. Bb2 Kf7 27. Ne3 Kg6
28. Kf2 Nc8 29. Ke2 Nb6 30. Rb1 Na4 31. Ba1 Nc3+ 32. Bxc3 Bxc3 33. Nc2 Rxa2 34.
Kd1 Rb2 35. Rxb2 Bxb2 36. Ke2 Bc1 37. Kd1 Bb2 38. Kd2 h5 39. Ke2 Bc1 40. Kd1
Bb2 41. Kd2 Kf6 1/2-1/2

[Event "2015 British Chess Championships: Championship"]
[Site "University of Warwick, Coventry, Warwickshire"]
[Date "2015.07.27"]
[Round "1"]
[Board "30"]
[White "Willow, Jonah B"]
[Black "Hill, Alistair"]
[Result "0-1"]
[WhiteElo "1918"]
[BlackElo "2159"]
[PlyCount "62"]
[EventDate "2015.07.27"]
[EventRounds "11"]
[EventCountry "ENG"]

1. e4 c5 2. Nf3 Nc6 3. d4 cxd4 4. Nxd4 Nf6 5. Nc3 e5 6. Ndb5 d6 7. Bg5 a6 8.
Na3 b5 9. Nd5 Be7 10. Bxf6 Bxf6 11. c3 Bg5 12. Nc2 Rb8 13. Bd3 O-O 14. h4 Bh6
15. Qh5 Be6 16. g4 Bf4 17. Nxf4 exf4 18. Nd4 Nxd4 19. cxd4 Qa5+ 20. Kf1 Qd2 21.
Be2 Qxd4 22. Bf3 Rbc8 23. Rd1 Qxb2 24. Rh2 Bc4+ 25. Kg2 Be2 26. Rd5 Bxf3+ 27.
Kxf3 Rc3+ 28. Kg2 Rg3+ 29. Kf1 Qb1+ 30. Ke2 Qxe4+ 31. Kd2 Ra3 0-1

[Event "2015 British Chess Championships: Championship"]
[Site "University of Warwick, Coventry, Warwickshire"]
[Date "2015.07.27"]
[Round "1"]
[Board "31"]
[White "Burrows, Martin P"]
[Black "Gower, Sam"]
[Result "1-0"]
[WhiteElo "2148"]
[BlackElo "1915"]
[PlyCount "95"]
[EventDate "2015.07.27"]
[EventRounds "11"]
[EventCountry "ENG"]

1. e4 e5 2. Nf3 Nc6 3. Bb5 a6 4. Ba4 Nf6 5. O-O Be7 6. Re1 b5 7. Bb3 d6 8. c3
O-O 9. h3 Na5 10. Bc2 c5 11. d4 Qc7 12. Nbd2 Bd7 13. Nf1 Nc4 14. d5 Rfe8 15. b3
Nb6 16. Ng3 g6 17. Bg5 Qd8 18. Qd2 c4 19. b4 Kh8 20. Rf1 Ng8 21. Bxe7 Qxe7 22.
Nh2 f6 23. h4 Qg7 24. Qe3 Nc8 25. a4 Rb8 26. h5 Qh6 27. hxg6 hxg6 28. f4 Re7
29. Rf3 Rh7 30. Ngf1 Kg7 31. Qf2 exf4 32. Rxf4 Qg5 33. Qg3 Qxg3 34. Nxg3 Nce7
35. axb5 g5 36. Rff1 Bxb5 37. Nf3 Nh6 38. Nd4 Rbh8 39. Ne6+ Kg6 40. e5+ f5 41.
exd6 Nxd5 42. Nxf5 Nxf5 43. Bxf5+ Kf6 44. Bxh7+ Kxe6 45. Rae1+ Kxd6 46. Rf7
Nxc3 47. Bf5 Nd5 48. Re6# 1-0

[Event "2015 British Chess Championships: Championship"]
[Site "University of Warwick, Coventry, Warwickshire"]
[Date "2015.07.27"]
[Round "1"]
[Board "32"]
[White "Ashworth, Michael"]
[Black "Waters, Clive L"]
[Result "1/2-1/2"]
[WhiteElo "1912"]
[BlackElo "2147"]
[PlyCount "79"]
[EventDate "2015.07.27"]
[EventRounds "11"]
[EventCountry "ENG"]

1. d4 e6 2. c4 Bb4+ 3. Bd2 Bxd2+ 4. Qxd2 Nf6 5. Nc3 O-O 6. Nf3 d5 7. e3 Qe7 8.
Bd3 Nc6 9. O-O dxc4 10. Bxc4 e5 11. dxe5 Nxe5 12. Be2 Rd8 13. Qc2 Bg4 14. Nd4
Bxe2 15. Ncxe2 c5 16. Nf5 Qd7 17. Rad1 Nd3 18. Nfg3 Qb5 19. b3 Nb4 20. Qb1 Qa6
21. a4 g6 22. Nc3 Qe6 23. Rxd8+ Rxd8 24. Rd1 Rxd1+ 25. Qxd1 Qe5 26. Nb5 Nfd5
27. Nxa7 h5 28. Nb5 h4 29. Nf1 Qb2 30. h3 Kg7 31. Nd2 Nd3 32. Qe2 Qc2 33. f3
N5b4 34. Nd6 Nc1 35. Qc4 Qxd2 36. Qxf7+ Kh6 37. Qf4+ Kg7 38. Qf7+ Kh6 39. Qf4+
Kg7 40. Qf7+ 1/2-1/2

[Event "2015 British Chess Championships: Championship"]
[Site "University of Warwick, Coventry, Warwickshire"]
[Date "2015.07.27"]
[Round "1"]
[Board "33"]
[White "Shaw, Peter"]
[Black "Willson, Ollie"]
[Result "1-0"]
[WhiteElo "2146"]
[BlackElo "1909"]
[PlyCount "119"]
[EventDate "2015.07.27"]
[EventRounds "11"]
[EventCountry "ENG"]

1. d4 Nf6 2. c4 g6 3. Nc3 Bg7 4. e4 d6 5. Nf3 O-O 6. Be2 e5 7. Be3 Na6 8. d5
Nc5 9. Nd2 a5 10. a3 Nfd7 11. b4 axb4 12. axb4 Rxa1 13. Qxa1 Na6 14. Qa3 f5 15.
O-O f4 16. Ba7 b6 17. Ra1 Qe7 18. c5 dxc5 19. Qb3 Kh8 20. Bxa6 cxb4 21. Nb5
Bxa6 22. Rxa6 f3 23. g3 Bh6 24. Ra2 Bxd2 25. Rxd2 Qg5 26. Rd1 Qg4 27. Qc4 Rf4
28. Re1 b3 29. Nxc7 Nc5 30. Ne6 Rxe4 31. Rxe4 Qxe4 32. Qxe4 Nxe4 33. Bb8 Kg8
34. Bxe5 Kf7 35. h4 h6 36. Ba1 Nd2 37. Nf4 g5 38. hxg5 hxg5 39. Nd3 Ke7 40. Bc3
Nc4 41. Nb2 Na5 42. Be5 Nb7 43. Kf1 Nc5 44. Ke1 Nd7 45. Bc7 b5 46. Kd2 Nf6 47.
Be5 Nxd5 48. Kd3 Ke6 49. Ke4 g4 50. Nd3 Nb6 51. Nc5+ Kf7 52. Kf5 Nc4 53. Nxb3
b4 54. Bd4 Nd6+ 55. Kxg4 Ke6 56. Kxf3 Kd5 57. Ke3 Kc4 58. Nd2+ Kd5 59. Kd3 Nf5
60. Nb3 1-0

[Event "2015 British Chess Championships: Championship"]
[Site "University of Warwick, Coventry, Warwickshire"]
[Date "2015.07.27"]
[Round "1"]
[Board "34"]
[White "Grieve, Harry"]
[Black "Mason, Donald J"]
[Result "1/2-1/2"]
[WhiteElo "1899"]
[BlackElo "2145"]
[PlyCount "37"]
[EventDate "2015.07.27"]
[EventRounds "11"]
[EventCountry "ENG"]

1. e4 e6 2. d4 d5 3. Nc3 Bb4 4. e5 c5 5. a3 Bxc3+ 6. bxc3 Ne7 7. Qg4 Qc7 8.
Qxg7 Rg8 9. Qxh7 cxd4 10. Ne2 dxc3 11. f4 Nbc6 12. Qd3 Bd7 13. h4 O-O-O 14. h5
d4 15. h6 Qb6 16. h7 Rh8 17. Ng3 f5 18. Rh6 Rdf8 19. Nh5 1/2-1/2

[Event "2015 British Chess Championships: Championship"]
[Site "University of Warwick, Coventry, Warwickshire"]
[Date "2015.07.27"]
[Round "1"]
[Board "35"]
[White "Richards, Heather S"]
[Black "Ilett, Raymond J"]
[Result "1-0"]
[WhiteElo "2141"]
[BlackElo "1886"]
[PlyCount "87"]
[EventDate "2015.07.27"]
[EventRounds "11"]
[EventCountry "ENG"]

1. e4 d5 2. exd5 Nf6 3. Be2 Nxd5 4. d4 Bf5 5. Nf3 e6 6. O-O Be7 7. a3 O-O 8. c4
Nb6 9. Nc3 c5 10. Bf4 N8d7 11. d5 Bf6 12. Qd2 e5 13. Be3 e4 14. Ne1 Re8 15. Rc1
Ne5 16. b3 Rc8 17. h3 a6 18. g4 Bg6 19. Ng2 Qd6 20. Bf4 Qd7 21. Bg5 Qd6 22. Qf4
Bxg5 23. Qxg5 Nbd7 24. Nh4 f6 25. Qe3 Nd3 26. Rb1 Nf4 27. Bd1 Ne5 28. Nxg6
Nexg6 29. Bc2 f5 30. gxf5 Nh4 31. Bxe4 Nxf5 32. Qf3 Nd4 33. Qe3 Qh6 34. Kh2 Re5
35. Rg1 Rce8 36. Rg4 Rxe4 37. Nxe4 Rxe4 38. Qg3 Nf5 39. Qc3 Re3 40. Rxg7+ Nxg7
41. Qxe3 Nf5 42. Qe8+ Kg7 43. Qe5+ Kg8 44. Qxf5 1-0

[Event "2015 British Chess Championships: Championship"]
[Site "University of Warwick, Coventry, Warwickshire"]
[Date "2015.07.27"]
[Round "1"]
[Board "36"]
[White "Zhu, Richard"]
[Black "Lam, Paul G M"]
[Result "1/2-1/2"]
[WhiteElo "1869"]
[BlackElo "2136"]
[PlyCount "130"]
[EventDate "2015.07.27"]
[EventRounds "11"]
[EventCountry "ENG"]

1. Nf3 Nf6 2. d4 d6 3. g3 Nbd7 4. c4 e5 5. Nc3 Be7 6. Bg2 O-O 7. O-O c6 8. Qc2
Re8 9. Rd1 Qc7 10. b3 a6 11. Bb2 Bf8 12. Rac1 g6 13. h3 Nh5 14. Kh2 f5 15. d5
c5 16. e4 Ndf6 17. Rf1 Bh6 18. Rce1 b5 19. exf5 Bxf5 20. Qe2 b4 21. Nd1 a5 22.
Nh4 Bd7 23. Ne3 Qd8 24. Bf3 a4 25. Ng4 Nxg4+ 26. Bxg4 Nf4 27. Qd1 axb3 28. axb3
Ra2 29. Bc1 g5 30. Bxd7 Qxd7 31. Bxf4 gxf4 32. g4 Bg7 33. Nf5 Bh8 34. Qd3 Rea8
35. Rb1 Kf8 36. Kg1 Ke8 37. f3 Kd8 38. Rf2 Kc7 39. Rbf1 Bf6 40. Kg2 Kb6 41. Re2
Rxe2+ 42. Qxe2 Ra3 43. Qc2 h5 44. Rf2 hxg4 45. hxg4 Qd8 46. Kf1 Qa8 47. Nxd6
Ra1+ 48. Kg2 Qh8 49. Rf1 Rxf1 50. Kxf1 Qh1+ 51. Ke2 Qg2+ 52. Kd1 Qxf3+ 53. Kc1
Qe3+ 54. Kd1 Qg1+ 55. Kd2 Qd4+ 56. Kc1 Qa1+ 57. Kd2 Bh4 58. Qh7 Qe1+ 59. Kc2
Qc3+ 60. Kb1 Qxb3+ 61. Ka1 Qc3+ 62. Kb1 Qb3+ 63. Ka1 Qa4+ 64. Kb2 Qa3+ 65. Kb1
Qb3+ 1/2-1/2

[Event "2015 British Chess Championships: Championship"]
[Site "University of Warwick, Coventry, Warwickshire"]
[Date "2015.07.27"]
[Round "1"]
[Board "37"]
[White "Jones, Steven A"]
[Black "Shepherd, Katherine M"]
[Result "1-0"]
[WhiteElo "2126"]
[BlackElo "1864"]
[PlyCount "119"]
[EventDate "2015.07.27"]
[EventRounds "11"]
[EventCountry "ENG"]

1. e4 e6 2. d4 d5 3. Nc3 Nf6 4. Bg5 Be7 5. e5 Nfd7 6. Bxe7 Qxe7 7. f4 a6 8. Nf3
c5 9. dxc5 Nc6 10. Qd2 Nxc5 11. O-O-O b5 12. Bd3 b4 13. Ne2 a5 14. Ned4 Nxd4
15. Nxd4 Ba6 16. Kb1 O-O 17. Rhe1 Rfe8 18. Re3 Nxd3 19. cxd3 Qa7 20. Nf3 b3 21.
a3 d4 22. Re2 Rac8 23. Ne1 Rc6 24. Rc1 Rec8 25. Rxc6 Rxc6 26. g4 Qc5 27. f5 Qd5
28. Re4 Qc5 29. f6 Rc8 30. Re2 gxf6 31. exf6 Kh8 32. Qf4 Rg8 33. h3 Qg5 34. Re4
Qxf4 35. Rxf4 Rg6 36. Kc1 h6 37. Kd2 e5 38. Rf5 Bc8 39. Rxe5 Kh7 40. Nf3 Rxf6
41. Nxd4 Rf2+ 42. Re2 Rxe2+ 43. Kxe2 a4 44. Nf5 Ba6 45. Ke3 Kg6 46. Ng3 Kg5 47.
Ne4+ Kh4 48. d4 Kxh3 49. Kf4 Bc8 50. Nf6 Bxg4 51. Nxg4 h5 52. Ne5 Kg2 53. d5 h4
54. d6 h3 55. Nf3 f5 56. d7 h2 57. Nxh2 Kxh2 58. d8=Q Kh3 59. Qd2 Kh4 60. Qh2#
 1-0

[Event "2015 British Chess Championships: Championship"]
[Site "University of Warwick, Coventry, Warwickshire"]
[Date "2015.07.28"]
[Round "2"]
[Board "1"]
[White "Storey, Charles H"]
[Black "Howell, David W L"]
[Result "0-1"]
[WhiteElo "2245"]
[BlackElo "2698"]
[PlyCount "50"]
[EventDate "2015.07.27"]
[EventRounds "11"]
[EventCountry "ENG"]

1. e4 c6 2. Nc3 d5 3. Nf3 Bg4 4. h3 Bh5 5. exd5 cxd5 6. g4 Bg6 7. Ne5 Nc6 8.
Nxg6 hxg6 9. Bg2 e6 10. d4 Bd6 11. Be3 Rc8 12. Qd3 Nf6 13. Qb5 a6 14. Qe2 Qb6
15. O-O Qxb2 16. Nxd5 Nxd5 17. Bxd5 Nxd4 18. Bxd4 Qxd4 19. Bxe6 Qf4 20. Bd5+
Kf8 21. Rfd1 Rxh3 22. Qe4 Qf6 23. Re1 Bc5 24. Kg2 Qxf2+ 25. Kxh3 Bd6 0-1

[Event "2015 British Chess Championships: Championship"]
[Site "University of Warwick, Coventry, Warwickshire"]
[Date "2015.07.28"]
[Round "2"]
[Board "2"]
[White "Pert, Nicholas"]
[Black "Hackner, Oskar A"]
[Result "1-0"]
[WhiteElo "2562"]
[BlackElo "2162"]
[PlyCount "127"]
[EventDate "2015.07.27"]
[EventRounds "11"]
[EventCountry "ENG"]

1. d4 Nf6 2. Nf3 e6 3. c4 b6 4. a3 Ba6 5. Qc2 Bb7 6. Nc3 c5 7. dxc5 bxc5 8. Bf4
d6 9. h3 Qb6 10. e3 Be7 11. Be2 Na6 12. O-O O-O 13. Rfd1 Rfd8 14. Rd2 Rd7 15.
Rad1 Rad8 16. Nh2 Bc6 17. Bf3 Nb8 18. Bg3 Bxf3 19. Nxf3 Nc6 20. Ng5 Na5 21.
Nce4 Nxe4 22. Nxe4 f5 23. Nxc5 Qxc5 24. b4 Qxc4 25. bxa5 Qxc2 26. Rxc2 Kf7 27.
Rb1 e5 28. f3 e4 29. fxe4 fxe4 30. a6 Ke6 31. Rc4 d5 32. Rc6+ Kf7 33. Be5 Bf6
34. Rf1 Kg8 35. Bxf6 gxf6 36. Rfxf6 d4 37. exd4 Rxd4 38. Rce6 Rf8 39. Rxf8+
Kxf8 40. Kf2 Rd2+ 41. Kg3 Ra2 42. Rc6 Rxa3+ 43. Kf4 e3 44. Kf3 Ke8 45. Rh6 Ra2
46. g4 e2 47. Kf2 Kf8 48. Rxh7 Rxa6 49. Kxe2 Ra3 50. Kf2 Kg8 51. Rh6 a5 52. Kg2
a4 53. Ra6 Kg7 54. h4 Ra2+ 55. Kg3 a3 56. h5 Ra1 57. Kh4 a2 58. Kg5 Kf7 59.
Ra7+ Ke6 60. h6 Ke5 61. h7 Rh1 62. Kg6 Kf4 63. Rxa2 Kxg4 64. Ra8 1-0

[Event "2015 British Chess Championships: Championship"]
[Site "University of Warwick, Coventry, Warwickshire"]
[Date "2015.07.28"]
[Round "2"]
[Board "3"]
[White "Osborne, Marcus E"]
[Black "Hawkins, Jonathan"]
[Result "0-1"]
[WhiteElo "2190"]
[BlackElo "2554"]
[PlyCount "74"]
[EventDate "2015.07.27"]
[EventRounds "11"]
[EventCountry "ENG"]

1. d4 Nf6 2. c4 g6 3. Nc3 d5 4. cxd5 Nxd5 5. e4 Nxc3 6. bxc3 Bg7 7. Qa4+ Nd7 8.
Nf3 O-O 9. Bg5 c5 10. Qa3 h6 11. Be3 b6 12. Rd1 Qc7 13. Bd3 Bb7 14. d5 Ne5 15.
Nxe5 Qxe5 16. c4 f5 17. f4 Qc3+ 18. Qxc3 Bxc3+ 19. Ke2 e6 20. Rc1 fxe4 21. Bxe4
exd5 22. cxd5 Rae8 23. Kf3 Be5 24. h4 Kg7 25. g3 Bf6 26. g4 Re7 27. g5 Rfe8 28.
gxf6+ Kxf6 29. Rcd1 Rxe4 30. Bc1 Ra4 31. Rh2 Rd8 32. Rhd2 Rxd5 33. Rxd5 Ke6 34.
f5+ gxf5 35. Bxh6 Bxd5+ 36. Kg3 Rxa2 37. h5 Ra3+ 0-1

[Event "2015 British Chess Championships: Championship"]
[Site "University of Warwick, Coventry, Warwickshire"]
[Date "2015.07.28"]
[Round "2"]
[Board "4"]
[White "Arkell, Keith C"]
[Black "Burrows, Martin P"]
[Result "1-0"]
[WhiteElo "2502"]
[BlackElo "2148"]
[PlyCount "79"]
[EventDate "2015.07.27"]
[EventRounds "11"]
[EventCountry "ENG"]

1. d4 Nf6 2. Nf3 g6 3. c4 Bg7 4. Nc3 O-O 5. g3 d6 6. Bg2 Nc6 7. O-O a6 8. b3
Rb8 9. Nd5 Nh5 10. Bb2 e6 11. Nc3 b5 12. d5 Ne7 13. dxe6 Bxe6 14. cxb5 axb5 15.
Qd2 b4 16. Ne4 Bxb2 17. Qxb2 Bd5 18. Ned2 f5 19. e3 Qc8 20. Rac1 Qb7 21. Qc2 c5
22. Ne1 Nf6 23. Nc4 Rfd8 24. Rd1 Ne4 25. Rd3 Ra8 26. Nd2 Ra6 27. f3 Nxd2 28.
Rxd2 Rda8 29. Qb1 Qa7 30. Rff2 Bb7 31. e4 Rf8 32. Bf1 fxe4 33. fxe4 c4 34.
Bxc4+ d5 35. Bxa6 Bxa6 36. exd5 Nxd5 37. Qe4 Rxf2 38. Rxf2 Qc5 39. Qe8+ Kg7 40.
Qf7+ 1-0

[Event "2015 British Chess Championships: Championship"]
[Site "University of Warwick, Coventry, Warwickshire"]
[Date "2015.07.28"]
[Round "2"]
[Board "5"]
[White "Mckenna, Jason P"]
[Black "Hebden, Mark L"]
[Result "0-1"]
[WhiteElo "2175"]
[BlackElo "2500"]
[PlyCount "138"]
[EventDate "2015.07.27"]
[EventRounds "11"]
[EventCountry "ENG"]

1. e4 e5 2. Nf3 Nc6 3. Bb5 a6 4. Ba4 Nf6 5. O-O Be7 6. Re1 b5 7. Bb3 O-O 8. a4
Bb7 9. d3 d6 10. Nbd2 Na5 11. Ba2 c5 12. Nf1 b4 13. Ne3 Rb8 14. Nd2 Re8 15.
Ndc4 Nxc4 16. Bxc4 Bf8 17. Qf3 Qd7 18. h3 Rbd8 19. b3 d5 20. exd5 Nxd5 21. Nxd5
Bxd5 22. Bxd5 Qxd5 23. Qxd5 Rxd5 24. Bb2 Bd6 25. g4 f6 26. Kg2 Kf7 27. Kf3 Bc7
28. Re4 Rh8 29. Rc4 h5 30. Kg2 Bd6 31. Re1 Bf8 32. Rce4 Rd7 33. R1e3 Bd6 34.
Rf3 Ke6 35. Rfe3 Kd5 36. f3 Re7 37. Rc4 g6 38. Rce4 f5 39. Rc4 Rf8 40. g5 Rfe8
41. Re1 e4 42. fxe4+ fxe4 43. dxe4+ Rxe4 44. Rd1+ Kc6 45. Rxe4 Rxe4 46. Kf3
Rf4+ 47. Kg2 c4 48. Bc1 Re4 49. Kf3 Rh4 50. Kg2 Bf4 51. Bxf4 Rxf4 52. Rd8 cxb3
53. cxb3 Re4 54. Kf3 Re6 55. Rd4 a5 56. h4 Re1 57. Re4 Rb1 58. Re6+ Kd5 59.
Rxg6 Rxb3+ 60. Kf4 Ra3 61. Rb6 Rxa4 62. g6 Ra1 63. Kf5 Kc5 64. Rb8 Rg1 65. Ra8
Kb5 66. Kf6 a4 67. Re8 a3 68. Re5+ Ka4 69. Rg5 Rxg5 0-1

[Event "2015 British Chess Championships: Championship"]
[Site "University of Warwick, Coventry, Warwickshire"]
[Date "2015.07.28"]
[Round "2"]
[Board "6"]
[White "Gormally, Daniel W"]
[Black "Shaw, Peter"]
[Result "1-0"]
[WhiteElo "2484"]
[BlackElo "2146"]
[PlyCount "83"]
[EventDate "2015.07.27"]
[EventRounds "11"]
[EventCountry "ENG"]

1. e4 e6 2. d4 d5 3. Nd2 Be7 4. e5 c5 5. Qg4 Kf8 6. dxc5 Nc6 7. Ngf3 h5 8. Qg3
h4 9. Qf4 g5 10. Qe3 Nh6 11. Bd3 Nf5 12. Bxf5 exf5 13. Nb3 f4 14. Qe2 Bg4 15.
h3 Bxf3 16. Qxf3 Nxe5 17. Qe2 Rh6 18. Bd2 Re6 19. O-O-O Nc6 20. Qd3 Kg8 21. g3
Ne5 22. Qf5 Ng6 23. gxf4 Rf6 24. Qxg5 Rxf4 25. Qh5 Rxf2 26. Rhg1 Bf6 27. Be3
Rh2 28. Rxg6+ fxg6 29. Qxg6+ Bg7 30. Bd4 Qe7 31. Rg1 Re8 32. Kb1 Rxh3 33. Bxg7
Rg3 34. Rxg3 Qe1+ 35. Nc1 Qxg3 36. Qxe8+ Kxg7 37. Qd7+ Kh8 38. Qxb7 h3 39. c6
h2 40. c7 h1=Q 41. c8=Q+ Qg8 42. Qc3+ 1-0

[Event "2015 British Chess Championships: Championship"]
[Site "University of Warwick, Coventry, Warwickshire"]
[Date "2015.07.28"]
[Round "2"]
[Board "7"]
[White "Beckett, Chris J"]
[Black "Emms, John M"]
[Result "0-1"]
[WhiteElo "2160"]
[BlackElo "2460"]
[PlyCount "100"]
[EventDate "2015.07.27"]
[EventRounds "11"]
[EventCountry "ENG"]

1. d4 Nf6 2. c4 e6 3. Nc3 Bb4 4. e3 O-O 5. Nge2 d5 6. a3 Bd6 7. c5 Be7 8. b4 c6
9. Nf4 b6 10. Nd3 Nbd7 11. Be2 a5 12. Bd2 Ne4 13. Nxe4 dxe4 14. Nf4 bxc5 15.
bxc5 e5 16. dxe5 Nxe5 17. Qc2 Bf5 18. O-O Qc7 19. Rad1 Rfe8 20. Bc1 Qa7 21. Bb2
Qxc5 22. Qa4 Bg5 23. Rc1 Qe7 24. Bd4 Bxf4 25. exf4 Nd3 26. Bxd3 exd3 27. Be3
Be4 28. Rfd1 Qe6 29. Rc5 h6 30. f5 Bxf5 31. Rxc6 Qa2 32. Rc5 Rxe3 33. fxe3 Bg6
34. Rxa5 Rxa5 35. Qxa5 Be4 36. Qd2 Qxa3 37. Rf1 Qc5 38. Rc1 Qd5 39. Rf1 Kh7 40.
Qf2 f5 41. Rd1 Qc5 42. h4 Qc7 43. Rd2 Kg6 44. Rd1 Kh5 45. Rf1 Kg4 46. Qe1 g5
47. hxg5 hxg5 48. Qd1+ Kh4 49. Qe1+ Kh5 50. Kf2 Qc2+ 0-1

[Event "2015 British Chess Championships: Championship"]
[Site "University of Warwick, Coventry, Warwickshire"]
[Date "2015.07.28"]
[Round "2"]
[Board "8"]
[White "Flear, Glenn C"]
[Black "Richards, Heather S"]
[Result "1/2-1/2"]
[WhiteElo "2450"]
[BlackElo "2141"]
[PlyCount "130"]
[EventDate "2015.07.27"]
[EventRounds "11"]
[EventCountry "ENG"]

1. d4 d5 2. c4 Nc6 3. e3 e5 4. dxe5 d4 5. a3 a5 6. Nf3 Bc5 7. Be2 dxe3 8. Qxd8+
Kxd8 9. fxe3 h6 10. Nc3 Nge7 11. Kf2 Be6 12. b3 Kc8 13. Rd1 g5 14. Ne4 Ba7 15.
Bb2 Rf8 16. Rac1 Nf5 17. Rd3 g4 18. Nfd2 Nfe7 19. c5 Ng6 20. Nc4 Bxc4 21. bxc4
Ncxe5 22. Rd5 f6 23. Kg1 c6 24. Rd6 Kc7 25. Re6 f5 26. Bxe5+ Nxe5 27. Rxe5 Rae8
28. Rxe8 Rxe8 29. Ng3 Rxe3 30. Kf1 Re5 31. Bd3 Bxc5 32. a4 f4 33. Nf5 Bb4 34.
Nxh6 g3 35. h3 Re3 36. Rd1 Kb6 37. Ng4 Re7 38. h4 Bc3 39. h5 Rg7 40. Be2 Kc5
41. h6 Re7 42. Rd3 Kb4 43. Rf3 Rf7 44. Rxc3 Kxc3 45. Bd3 Re7 46. Nf2 gxf2 47.
h7 Re8 48. Bg6 Rh8 49. Kxf2 Kxc4 50. Kf3 Kd4 51. Kxf4 b5 52. axb5 cxb5 53. Kg5
a4 54. Kh6 b4 55. g4 b3 56. Bf7 Kc3 57. g5 a3 58. g6 a2 59. g7 Rxh7+ 60. Kxh7
a1=Q 61. g8=Q Qh1+ 62. Kg7 Qg1+ 63. Bg6 Qd4+ 64. Kh7 Qh4+ 65. Kg7 Qd4+ 1/2-1/2

[Event "2015 British Chess Championships: Championship"]
[Site "University of Warwick, Coventry, Warwickshire"]
[Date "2015.07.28"]
[Round "2"]
[Board "9"]
[White "Hill, Alistair"]
[Black "Pert, Richard G"]
[Result "0-1"]
[WhiteElo "2159"]
[BlackElo "2440"]
[PlyCount "58"]
[EventDate "2015.07.27"]
[EventRounds "11"]
[EventCountry "ENG"]

1. e4 e6 2. d4 d5 3. Nd2 Be7 4. c3 c5 5. exd5 Qxd5 6. dxc5 Nf6 7. b4 O-O 8.
Ngf3 b6 9. Be2 bxc5 10. c4 Qd8 11. b5 Bb7 12. Qc2 Nbd7 13. O-O Qc7 14. a4 Rae8
15. Re1 Nh5 16. Bd3 f5 17. Rxe6 Nf4 18. Re1 Bf6 19. Rxe8 Rxe8 20. Rb1 Ne5 21.
Nxe5 Qxe5 22. Bb2 Qd6 23. Bf1 Bxb2 24. Qxb2 Nh3+ 25. Kh1 Nxf2+ 26. Kg1 Ng4 27.
Nf3 Qg6 28. Re1 Rxe1 29. Nxe1 Qh6 0-1

[Event "2015 British Chess Championships: Championship"]
[Site "University of Warwick, Coventry, Warwickshire"]
[Date "2015.07.28"]
[Round "2"]
[Board "10"]
[White "Summerscale, Aaron P"]
[Black "Jones, Steven A"]
[Result "1-0"]
[WhiteElo "2416"]
[BlackElo "2126"]
[PlyCount "61"]
[EventDate "2015.07.27"]
[EventRounds "11"]
[EventCountry "ENG"]

1. Nf3 Nf6 2. c4 e6 3. g3 a6 4. Bg2 b5 5. Nd4 c6 6. cxb5 axb5 7. Nxb5 cxb5 8.
Bxa8 d5 9. b4 Qb6 10. Qb3 Qa7 11. Nc3 Qxa8 12. Nxb5 Qb7 13. a4 Na6 14. Ba3 e5
15. d4 e4 16. O-O h5 17. Rfc1 h4 18. Qc3 Kd8 19. Na7 Bd7 20. Nc6+ Qxc6 21. Qxc6
Bxc6 22. Rxc6 Nxb4 23. Bxb4 Bxb4 24. Rb6 Bf8 25. a5 Kc7 26. Rc1+ Kd7 27. Rb7+
Ke6 28. Rc8 hxg3 29. hxg3 e3 30. fxe3 Ng4 31. a6 1-0